000
00327nam a2200133Ia 4500
008
240624s9999 xx 000 0 und d
041
_a
eng
082
_a
920 GAN
100
_a
GANGADHAR V
245
_a
M S SUBBULAKSHMI THE VOICE DIVINE
260
_c
2002
_a
New Delhi
_b
Rupa and Company
300
_a
80 : p.
365
_c
RS
_b
25
999
_c
17611
_d
17611